ARRUPE JESUIT UNIVERSITY

CORONAVIRUS -STOP THE SPREAD - CLEAN,DISINFECT,COVER

Na margem do rio Piedra eu sentei e chorei / (Record no. 130937)

MARC details
000 -LEADER
fixed length control field 00685nam a2200229 a 4500
001 - CONTROL NUMBER
control field 4920927
003 - CONTROL NUMBER IDENTIFIER
control field ARRUPE
005 - DATE AND TIME OF LATEST TRANSACTION
control field 20211020093037.0
008 - FIXED-LENGTH DATA ELEMENTS--GENERAL INFORMATION
fixed length control field 950126s1994 bl a 000 1 por
010 ## - LIBRARY OF CONGRESS CONTROL NUMBER
LC control number 94833512
020 ## - INTERNATIONAL STANDARD BOOK NUMBER
International Standard Book Number 8532504698
040 ## - CATALOGING SOURCE
Original cataloging agency DLC
Transcribing agency DLC
042 ## - AUTHENTICATION CODE
Authentication code lcode
050 00 - LIBRARY OF CONGRESS CALL NUMBER
Classification number PQ9698.13.O3546
Item number N3 1994
300 ## - PHYSICAL DESCRIPTION
Other physical details ill. ;
Dimensions 21 cm.
100 1# - MAIN ENTRY--PERSONAL NAME
Personal name Coelho, Paulo.
9 (RLIN) 14925
245 10 - TITLE STATEMENT
Title Na margem do rio Piedra eu sentei e chorei /
Statement of responsibility, etc Paulo Coelho.
260 ## - PUBLICATION, DISTRIBUTION, ETC. (IMPRINT)
Place of publication, distribution, etc Rio de Janeiro :
Name of publisher, distributor, etc Rocco,
Date of publication, distribution, etc 1994.
300 ## - PHYSICAL DESCRIPTION
Extent 236 p. :
906 ## - LOCAL DATA ELEMENT F, LDF (RLIN)
a 7
b cbc
c origode
d 3
e ncip
f 19
g y-gencatlg
942 ## - ADDED ENTRY ELEMENTS (KOHA)
Source of classification or shelving scheme Library of Congress Classification
Koha item type Monograph ( Printed materials)
Holdings
Withdrawn status Lost status Source of classification or shelving scheme Damaged status Not for loan Collection code Home library Current library Shelving location Date acquired Total Checkouts Full call number Barcode Date last seen Price effective from Koha item type
    Library of Congress Classification     Main Collection ARRUPE LIBRARY ARRUPE LIBRARY Main Collection 20/10/2021   PQ9698.13.O3546 N3 1994 46600006900 20/10/2021 20/10/2021 Monograph ( Printed materials)

 

Arrupe Library. PO Box MP320 Mt Pleasant, Harare, Zimbabwe
263 242 745411|librarian@aju.ac.zw